Návrh robotizovaného zváracieho pracoviska pre zváranie komponentov na zberný náves MV3-042 : Diplomová práca
Enregistré dans:
| Auteur principal: | |
|---|---|
| Autres auteurs: | |
| Format: | Manuscrit Livre |
| Langue: | slovaque |
| Publié: |
Trnava :
SVŠT v Bratislave StF KZZS,
1991
|
| Sujets: | |
| Tags: |
Pas de tags, Soyez le premier à ajouter un tag!
|
MARC
| LEADER | 00000ntm a22000003a 4500 | ||
|---|---|---|---|
| 001 | stu118489 | ||
| 005 | 20160719162745.6 | ||
| 008 | 060524s1991----cs------------------slo-d | ||
| 040 | |a STU |b slo | ||
| 041 | 0 | |a slo | |
| 044 | |a cs | ||
| 100 | 1 | |a Valo, Peter |4 aut | |
| 245 | 1 | |a Návrh robotizovaného zváracieho pracoviska pre zváranie komponentov na zberný náves MV3-042 : |b Diplomová práca | |
| 260 | |a Trnava : |b SVŠT v Bratislave StF KZZS, |c 1991 | ||
| 300 | |a 83 s | ||
| 650 | 7 | |a strojárska technológia |2 stusub | |
| 650 | 7 | |a zváranie |2 stusub | |
| 700 | 1 | |a Hlaváč, Juraj |4 xxx | |
| 996 | |b 284M073086 |c M*DP-3134 |l MMSKP |s P |a 0 |w stu118489_0001 | ||